[Event "Skalica Schaeffler op"]
[Site "Skalica"]
[Date "2020.08.24"]
[Round "3"]
[White "Stevik, Patrik"]
[Black "Sahidi, Shabir"]
[Result "1-0"]
[WhiteElo "1378"]
[BlackElo "1148"]
[PlyCount "90"]
[EventDate "2020.08.23"]
[EventType "swiss"]
[EventRounds "9"]
[EventCountry "SVK"]
[SourceTitle "CBM 198 Extra"]
[Source "ChessBase"]
[SourceDate "2020.11.30"]
[SourceVersion "1"]
[SourceVersionDate "2020.11.30"]
[SourceQuality "1"]

1. b3 e5 2. Bb2 Nc6 3. e3 Bc5 4. Nf3 d6 5. d4 exd4 6. exd4 Bb4+ 7. c3 Ba5 8. b4 Bb6 9. d5 Nce7 10. c4 f6 11. Bd3 Bf5 12. 0-0 Bxd3 13. Qxd3 Ng6 14. Ng5 Ne5 15. Bxe5 fxe5 16. Ne6 Qe7 17. Nd2 a6 18. a4 Nf6 19. a5 Ba7 20. Kh1 Rc8 21. f4 Ng4 22. Ne4 c6 23. Qh3 h5 24. f5 cxd5 25. cxd5 Rc2 26. Qb3 Re2 27. Qa4+ Qd7 28. Nxg7+ Kd8 29. Ne6+ Ke8 30. Qxd7+ Kxd7 31. N6g5 Rg8 32. h3 Nf2+ 33. Rxf2 Rxe4 34. Nxe4 Bxf2 35. Nxf2 Rf8 36. g4 hxg4 37. hxg4 Rc8 38. f6 Rc4 39. g5 Rxb4 40. g6 Rf4 41. f7 Ke7 42. Rg1 Rh4+ 43. Kg2 Rh6 44. Kf1 Rxg6 45. Rxg6 Kxf7 1-0

[Event "Skalica Schaeffler op"]
[Site "Skalica"]
[Date "2020.08.23"]
[Round "1"]
[White "Romanova, Ela"]
[Black "Sahidi, Shabir"]
[Result "1-0"]
[WhiteElo "1529"]
[BlackElo "1148"]
[PlyCount "72"]
[EventDate "2020.08.23"]
[EventType "swiss"]
[EventRounds "9"]
[EventCountry "SVK"]
[SourceTitle "CBM 198 Extra"]
[Source "ChessBase"]
[SourceDate "2020.11.30"]
[SourceVersion "1"]
[SourceVersionDate "2020.11.30"]
[SourceQuality "1"]

1. e4 e5 2. Nc3 Nc6 3. Bc4 Bc5 4. d3 d6 5. f4 f6 6. f5 Nge7 7. Qh5+ g6 8. fxg6 Nxg6 9. Nge2 Na5 10. Rf1 c6 11. Bh6 Nxc4 12. dxc4 Qe7 13. Ng3 Kd8 14. a3 Bd4 15. Kd2 Be6 16. Nf5 Bxf5 17. Rxf5 Nf8 18. Raf1 Nd7 19. b3 Kc7 20. g4 Nc5 21. Re1 Rhg8 22. g5 Rg6 23. Qh4 Rag8 24. Ne2 fxg5 25. Qh3 g4 26. Qh5 Nxe4+ 27. Kc1 Bb6 28. Ref1 Kc8 29. Bf8 Qd8 30. Qxh7 Be3+ 31. Kb2 Bd4+ 32. Ka2 Nc3+ 33. Nxc3 Bxc3 34. Rf7 e4 35. Bh6 Kb8 36. Rf8 Rxf8 1-0

[Event "EU-ch U12"]
[Site "Bratislava"]
[Date "2019.08.07"]
[Round "6"]
[White "Oloeriu, Calin"]
[Black "Sahidi, Shabir"]
[Result "1-0"]
[WhiteElo "1436"]
[BlackElo "1132"]
[PlyCount "55"]
[EventDate "2019.08.02"]
[EventType "swiss"]
[EventRounds "9"]
[EventCountry "SVK"]
[SourceTitle "EXT 2020"]
[Source "ChessBase"]
[SourceDate "2019.10.17"]
[SourceVersion "1"]
[SourceVersionDate "2019.10.17"]
[SourceQuality "1"]

1. e4 e5 2. Nf3 Nc6 3. Bc4 Bc5 4. c3 d6 5. Bb3 Bg4 6. d3 Nge7 7. Bxf7+ Kd7 8. h3 Bxf3 9. Qxf3 Kc8 10. 0-0 Kb8 11. a4 a5 12. Na3 Rf8 13. Qh5 h6 14. Nc2 Ka7 15. Be3 Bb6 16. b4 Nb8 17. bxa5 Bxe3 18. fxe3 Nd7 19. Be6 Nc5 20. Bc4 Nc6 21. Bd5 Nxd3 22. Qe2 Nc5 23. Qb5 Qd7 24. Rab1 Rfb8 25. Rf7 Qc8 26. Na3 Nd8 27. Rf8 c6 28. Qb6# 1-0